[Event "Guernsey Open"]
[Site "?"]
[Date "2002.??.??"]
[Round "3"]
[White "Huijzer, J."]
[Black "Dennis, Nigel"]
[Result "1-0"]
[WhiteElo "1890"]
[BlackElo "2070"]
[PlyCount "85"]
[EventDate "2002.10.20"]

1. e4 c5 2. Nc3 Nc6 3. f4 e6 4. Nf3 d5 5. Bb5 dxe4 6. Bxc6+ bxc6 7. Nxe4 Nf6 8.
d3 Nxe4 9. dxe4 Qxd1+ 10. Kxd1 Be7 11. Be3 f6 12. c4 Ba6 13. b3 O-O-O+ 14. Ke2
Kc7 15. Rad1 Bc8 16. h3 a5 17. Rxd8 Rxd8 18. Ne1 Kb6 19. Nd3 Rd7 20. Nb2 Kc7
21. Bd2 Kb6 22. Na4+ Ka6 23. Be3 Rd8 24. Rd1 Rxd1 25. Kxd1 Bd6 26. Ke2 g6 27.
Kf3 Bf8 28. Bxc5 Bxc5 29. Nxc5+ Kb6 30. Na4+ Kc7 31. e5 f5 32. Ke3 Bb7 33. g3
h6 34. Kd4 Bc8 35. Kc5 Bd7 36. Nc3 Be8 37. Ne2 g5 38. Nd4 Bd7 39. a3 g4 40. h4
h5 41. a4 Kb7 42. Kd6 c5 43. Nxe6 1-0

[Event "Guernsey Open"]
[Site "?"]
[Date "2002.??.??"]
[Round "3"]
[White "Kirkwood, Robin"]
[Black "Kuijpers, Jos"]
[Result "1/2-1/2"]
[WhiteElo "2063"]
[BlackElo "1598"]
[PlyCount "124"]
[EventDate "2002.10.20"]

1. c4 e6 2. g3 d5 3. Bg2 Nf6 4. Nf3 c6 5. b3 Nbd7 6. Bb2 Qb6 7. Qc2 Be7 8. O-O
O-O 9. d3 Qc7 10. e4 dxe4 11. dxe4 Bc5 12. Nc3 a5 13. Na4 Ba7 14. Kh1 Ng4 15.
c5 b5 16. cxb6 Nxb6 17. Nc5 Nd7 18. Nxd7 Qxd7 19. h3 Nxf2+ 20. Rxf2 Bxf2 21.
Qxf2 f5 22. e5 a4 23. Nd4 Bb7 24. Qc2 axb3 25. Qxb3 Rae8 26. Rc1 f4 27. g4 Kh8
28. Rd1 Qc8 29. Ba3 Rf7 30. Rc1 c5 31. Rxc5 Bxg2+ 32. Kxg2 Qa8+ 33. Qf3 Qxf3+
34. Kxf3 Ra7 35. Rc3 Rea8 36. Nb5 Ra5 37. Rb3 g5 38. Bd6 Rxa2 39. Nd4 Re8 40.
Ne2 Rd2 41. Rb8 Rxb8 42. Bxb8 Rd3+ 43. Kf2 Kg8 44. h4 f3 45. Ng1 gxh4 46. Nxf3
Rb3 47. Ba7 h3 48. Be3 Kg7 49. Bf4 h6 50. Nh2 Kg6 51. Nf3 {(=)} h5 52. Nh4+ Kh7
53. gxh5 Rb2+ 54. Kg1 Re2 55. Nf3 Rg2+ 56. Kh1 Ra2 57. Ng5+ Kh6 58. Nxe6+ Kxh5
59. Nc7 Kg6 60. Bg3 Re2 61. e6 Kf5 62. Bh4 Rxe6 1/2-1/2

[Event "Guernsey Open"]
[Site "?"]
[Date "2002.??.??"]
[Round "3"]
[White "Thurlow, Kevin"]
[Black "Dekker, Jop"]
[Result "1-0"]
[WhiteElo "2203"]
[BlackElo "1859"]
[PlyCount "51"]
[EventDate "2002.10.20"]

1. Nf3 Nf6 2. b3 d6 3. Bb2 g6 4. c4 Bg7 5. e3 O-O 6. d4 Nbd7 7. Be2 c6 8. O-O
Qc7 9. Nc3 Nb6 10. Rc1 Bd7 11. e4 Rad8 12. Qc2 Bc8 13. a4 Nh5 14. d5 Nf4 15.
Nd1 Bh6 16. Ne3 cxd5 17. exd5 Nd7 18. Ng4 Nxe2+ 19. Qxe2 Bxc1 20. Rxc1 h5 21.
Nh6+ Kh7 22. Ng5+ Kxh6 23. Qe3 f5 24. Nf7+ Kh7 25. Qh6+ Kg8 26. Qxg6# 1-0

[Event "Guernsey Open"]
[Site "?"]
[Date "2002.??.??"]
[Round "3"]
[White "Doell, Detlef"]
[Black "Morris, Graham"]
[Result "1/2-1/2"]
[WhiteElo "2148"]
[BlackElo "1806"]
[PlyCount "52"]
[EventDate "2002.10.20"]

1. e4 c5 2. c4 Nc6 3. Ne2 d6 4. d4 cxd4 5. Nxd4 Nf6 6. Nc3 e6 7. Be2 Be7 8. O-O
O-O 9. Be3 a6 10. Rc1 Bd7 11. Qd2 Rc8 12. f3 Nxd4 13. Bxd4 Bc6 14. Rfd1 Ne8 15.
Kh1 Nc7 16. Bb6 Qd7 17. b4 Na8 18. Be3 b5 19. c5 Rfd8 20. Qe1 Qe8 21. cxd6 Rxd6
22. Rxd6 Bxd6 23. a3 Bb7 24. Nb1 Rxc1 25. Qxc1 Qc6 26. Qxc6 Bxc6 1/2-1/2

[Event "Guernsey Open"]
[Site "?"]
[Date "2002.??.??"]
[Round "3"]
[White "Van Hoek, W."]
[Black "Milnes, Anthony"]
[Result "1/2-1/2"]
[WhiteElo "1761"]
[BlackElo "2128"]
[PlyCount "102"]
[EventDate "2002.10.20"]

1. e4 e6 2. d4 d5 3. e5 c5 4. c3 Nc6 5. Nf3 Bd7 6. Bd3 cxd4 7. cxd4 Qb6 8. Be2
Nge7 9. Nc3 Nf5 10. Na4 Bb4+ 11. Kf1 Qd8 12. Nc3 O-O 13. g4 Nh4 14. Bg5 Be7 15.
Bxh4 Bxh4 16. Qd2 Be7 17. g5 Rc8 18. h4 Na5 19. Rc1 Qb6 20. Kg2 Nc4 21. Bxc4
Rxc4 22. Rc2 Rfc8 23. Rhc1 Qa5 24. Qe3 b5 25. Nd2 R4c7 26. Nb3 Qb6 27. Qd2 a5
28. Ne2 a4 29. Rxc7 Rxc7 30. Rxc7 Qxc7 31. Qc1 Qxc1 32. Nbxc1 f6 33. f4 b4 34.
Kf3 Bb5 35. b3 a3 36. Ke3 Kf7 37. Nd3 fxg5 38. fxg5 Kg6 39. Nc5 Bxe2 40. Kxe2
Kf5 41. Nd3 Ke4 42. Nc5+ Bxc5 43. dxc5 Kxe5 44. Kd3 g6 45. Ke3 d4+ 46. Kd3 Kd5
47. c6 Kxc6 48. Kxd4 Kd6 49. Kc4 Ke5 50. Kxb4 Kd4 51. Kxa3 e5 1/2-1/2

[Event "Guernsey Open"]
[Site "?"]
[Date "2002.??.??"]
[Round "3"]
[White "Hauptmann, Thomas"]
[Black "O'Toole, Anthony"]
[Result "1/2-1/2"]
[WhiteElo "2050"]
[BlackElo "1672"]
[PlyCount "62"]
[EventDate "2002.10.20"]

1. e4 g6 2. d4 Bg7 3. Nc3 c6 4. Nf3 d5 5. e5 Bg4 6. Be2 Bxf3 7. Bxf3 e6 8. O-O
Nd7 9. Ne2 c5 10. c3 Ne7 11. Bf4 Qb6 12. Qd2 Nf5 13. Rfd1 O-O 14. g4 Ne7 15.
Rab1 Nc6 16. Bh6 Rac8 17. Bxg7 Kxg7 18. Rbc1 cxd4 19. cxd4 Na5 20. b3 Nc6 21.
Bg2 Qb4 22. Qe3 Ne7 23. Nf4 Rxc1 24. Rxc1 Rc8 25. Rxc8 Nxc8 26. Nh5+ Kg8 27.
Nf6+ Nxf6 28. exf6 Nb6 29. Qh6 Qf8 30. Qf4 Qd8 31. g5 Qc8 1/2-1/2

[Event "Guernsey Open"]
[Site "?"]
[Date "2002.??.??"]
[Round "3"]
[White "Knight, Timothy"]
[Black "De Kruif, Kees"]
[Result "0-1"]
[WhiteElo "1765"]
[BlackElo "1861"]
[PlyCount "113"]
[EventDate "2002.10.20"]

1. e4 c5 2. Nf3 d6 3. Bb5+ Bd7 4. Bxd7+ Nxd7 5. O-O Ngf6 6. Re1 e6 7. c3 Be7 8.
d4 cxd4 9. cxd4 O-O 10. Nc3 a6 11. e5 Ne8 12. Bf4 b5 13. Rc1 Nb6 14. Ne4 Nd5
15. Bg3 dxe5 16. dxe5 Nb4 17. Qb3 Qd5 18. Rcd1 Qxb3 19. axb3 Nc7 20. Rd7 Ncd5
21. Nc3 Rfd8 22. Rxd8+ Rxd8 23. Kf1 Nd3 24. Re2 Bb4 25. Nxd5 Rxd5 26. Re4 a5
27. Rd4 Nxb2 28. Rxd5 exd5 29. Nd4 a4 30. Nc2 Bc3 31. bxa4 bxa4 32. f4 Nc4 33.
Ke2 d4 34. Bf2 a3 35. Bxd4 Bxd4 36. Nxd4 a2 37. Nc2 g5 38. g3 gxf4 39. gxf4 Kg7
40. Kd3 Na3 41. Na1 Kg6 42. Ke4 Nc4 43. f5+ Kg7 44. Kd4 Nd2 45. Kd5 Kf8 46. e6
Ke7 47. exf7 Kxf7 48. Kd4 Kf6 49. Kc3 Nf1 50. h3 Kxf5 51. Kb2 Kg5 52. Nc2 Kh4
53. Nd4 Kxh3 54. Kxa2 h5 55. Kb2 Kg4 56. Ne2 h4 57. Ng1 0-1

[Event "Guernsey Open"]
[Site "?"]
[Date "2002.??.??"]
[Round "3"]
[White "Autin, DW."]
[Black "Opgenhaffen, Gerie"]
[Result "1/2-1/2"]
[WhiteElo "1920"]
[BlackElo "1786"]
[PlyCount "99"]
[EventDate "2002.10.20"]

1. d4 d5 2. c4 dxc4 3. Nc3 e6 4. Nf3 Nf6 5. Bg5 Be7 6. e3 O-O 7. Bxc4 Nbd7 8.
Rc1 h6 9. Bh4 Nb6 10. Bb3 Nbd5 11. Bc2 b6 12. O-O Ba6 13. Re1 Nxc3 14. bxc3 Nd5
15. Bxe7 Qxe7 16. Bb1 c5 17. Ne5 cxd4 18. exd4 Bb7 19. Qd3 f5 20. Ng6 Qg5 21.
Qg3 Qxg3 22. hxg3 Rfe8 23. a3 Rac8 24. c4 Nf6 25. f3 Nd7 26. Ba2 Kh7 27. Ne5
Nxe5 28. Rxe5 Red8 29. Rd1 Ba6 30. Rxe6 Bxc4 31. Bxc4 Rxc4 32. d5 Rd7 33. Rd3
Kg8 34. Re5 g6 35. Re8+ Kf7 36. Rh8 Kg7 37. Re8 Rc5 38. Re5 Kf6 39. f4 b5 40.
Kf2 a5 41. Ke3 b4 42. axb4 axb4 43. Kd4 Rc2 44. Re6+ Kf7 45. Rb6 Rxg2 46. Rxb4
Re2 47. Rb6 h5 48. Kc5 Rc2+ 49. Kd4 Re2 50. Kc5 1/2-1/2

[Event "Guernsey Open"]
[Site "?"]
[Date "2002.??.??"]
[Round "3"]
[White "Gravett, AD."]
[Black "Van de Linden, Marcel"]
[Result "1/2-1/2"]
[WhiteElo "1900"]
[BlackElo "1760"]
[PlyCount "41"]
[EventDate "2002.10.20"]

1. g3 Nf6 2. Bg2 d5 3. Nf3 Bf5 4. O-O e6 5. d3 c5 6. Nbd2 h6 7. Re1 Be7 8. a4
Nc6 9. e4 dxe4 10. dxe4 Nxe4 11. Nh4 Bxh4 12. Nxe4 Qxd1 13. Rxd1 Be7 14. Nd6+
Bxd6 15. Bxc6+ bxc6 16. Rxd6 Rd8 17. Rxd8+ Kxd8 18. Be3 Bxc2 19. Bxc5 a6 20. a5
Bb3 21. Bd4 1/2-1/2

[Event "Guernsey Open"]
[Site "?"]
[Date "2002.??.??"]
[Round "3"]
[White "Hunt, L."]
[Black "Ruigrok, Jacques"]
[Result "1-0"]
[WhiteElo "1744"]
[BlackElo "1836"]
[PlyCount "51"]
[EventDate "2002.10.20"]

1. e4 e5 2. Nf3 Nf6 3. Nxe5 d6 4. Nf3 Nxe4 5. d4 d5 6. Bd3 Nc6 7. O-O Be7 8.
Re1 Bg4 9. c3 f5 10. Nbd2 O-O 11. Qb3 Kh8 12. Qxb7 Rf6 13. Qb5 Rb8 14. Qa4 Rg6
15. Bb5 Bh4 16. Nxh4 Qxh4 17. Nxe4 fxe4 18. Bf4 Qf6 19. Bg3 Ne7 20. Be8 Rh6 21.
Bd7 Nf5 22. Qxa7 Rf8 23. Bxf5 Qxf5 24. Qxc7 Bf3 25. Qe5 Qd7 26. a4 1-0

[Event "Guernsey Open"]
[Site "?"]
[Date "2002.??.??"]
[Round "4"]
[White "Webster, Andrew"]
[Black "Gelashvili, Tamaz"]
[Result "1/2-1/2"]
[WhiteElo "2415"]
[BlackElo "2516"]
[PlyCount "131"]
[EventDate "2002.10.20"]

1. Nf3 g6 2. c4 Bg7 3. Nc3 e5 4. g3 Ne7 5. Bg2 c5 6. O-O Nbc6 7. Ne1 O-O 8. d3
d6 9. Nc2 Rb8 10. Rb1 Be6 11. Ne3 a6 12. a4 h6 13. Bd2 Kh7 14. Ned5 a5 15. e4
Nb4 16. Nxe7 Qxe7 17. Nd5 Qd8 18. Nxb4 axb4 19. b3 Qd7 20. Qc2 f5 21. exf5 Bxf5
22. Rbe1 Bh3 23. Bxh3 Qxh3 24. Qd1 Rf5 25. Qe2 Rbf8 26. Qe4 Rf3 27. Re3 R3f7
28. Qd5 h5 29. Re2 Qd7 30. Re4 Bh6 31. Bxh6 Kxh6 32. Kg2 Rf5 33. h4 R8f7 34.
Kg1 Qe7 35. Ree1 e4 36. Rxe4 Qf8 37. Qe6 Rxf2 38. Rxf2 Rxf2 39. Re1 Rf3 40. Kg2
Rxd3 41. Qe2 Rxb3 42. Rf1 Qg7 43. Qd2+ Kh7 44. Qxd6 Rb2+ 45. Kh3 Re2 46. Qd5
Re5 47. Qd6 Qe7 48. Rf6 Qxd6 49. Rxd6 Kg7 50. Rb6 Re4 51. Rxb7+ Kf6 52. a5 Rxc4
53. a6 Rc1 54. Rb5 Ra1 55. Rxc5 Rxa6 56. Rb5 Ra4 57. g4 hxg4+ 58. Kxg4 b3+ 59.
Kg3 Ra3 60. Kg4 Ke6 61. Kg5 Kd6 62. Kxg6 Kc6 63. Rb8 Kc7 64. Rb4 Ra6+ 65. Kg7
Rb6 66. Rxb6 1/2-1/2

[Event "Guernsey Open"]
[Site "?"]
[Date "2002.??.??"]
[Round "4"]
[White "Corkett, Anthony"]
[Black "Van Voorthuijsen, PW."]
[Result "0-1"]
[WhiteElo "2313"]
[BlackElo "2304"]
[PlyCount "94"]
[EventDate "2002.10.20"]

1. e4 c5 2. Nc3 d6 3. f4 g6 4. Nf3 Bg7 5. Bc4 e6 6. O-O Ne7 7. Qe1 O-O 8. d3 d5
9. Bb3 Nbc6 10. Bd2 Rb8 11. a4 Nd4 12. Nxd4 cxd4 13. Nd1 dxe4 14. dxe4 d3 15.
Kh1 Nc6 16. c3 Qc7 17. Rf3 Rd8 18. Ba2 b6 19. Qh4 Ne7 20. Nf2 Bb7 21. Re1 Rd7
22. Ng4 Qd8 23. Nh6+ Bxh6 24. Qxh6 Nf5 25. Qh3 Nd6 26. Rfe3 b5 27. axb5 Nxe4
28. Rxe4 Bxe4 29. Rxe4 Qa5 30. Bb1 Qa1 31. Re1 Qxb2 32. Qe3 Qxb5 33. h3 Qc4 34.
Kh2 Rb5 35. Qf3 Rb2 36. Qe3 Rd5 37. Rd1 Qb3 38. Qe1 a5 39. c4 Qxc4 40. Rc1 Qa6
41. Bc3 d2 42. Qd1 dxc1=Q 43. Qxc1 Re2 44. Qa3 Qb7 45. Qa4 Rxg2+ 46. Kh1 Rd1+
47. Qxd1 Rd2+ 0-1

[Event "Guernsey Open"]
[Site "?"]
[Date "2002.??.??"]
[Round "4"]
[White "Marotzke, Stefan"]
[Black "Bellin, Robert"]
[Result "0-1"]
[WhiteElo "2089"]
[BlackElo "2360"]
[PlyCount "76"]
[EventDate "2002.10.20"]

1. d4 e6 2. Nf3 f5 3. g3 Nf6 4. Bg2 d5 5. O-O Bd6 6. b3 Qe7 7. Bb2 O-O 8. c4 c6
9. Nbd2 b6 10. Rc1 Bb7 11. Ne1 a5 12. Nd3 Na6 13. Nb1 Rfd8 14. e3 Nb4 15. a3
Nxd3 16. Qxd3 a4 17. Qc3 Ba6 18. c5 bxc5 19. dxc5 Bc7 20. Rfd1 Ne4 21. Bxe4
fxe4 22. b4 Rf8 23. Qe1 Qf7 24. Nc3 Bd3 25. Ne2 e5 26. Rc3 Bb5 27. Rc2 Qh5 28.
Nc3 Bd3 29. Rcd2 Rf6 30. Rxd3 exd3 31. Rxd3 e4 32. Rd2 Rh6 33. h4 g5 34. Nxe4
dxe4 35. Rd7 Rd8 36. Rg7+ Kf8 37. Qc3 Rd1+ 38. Kh2 Qxh4+ 0-1

[Event "Guernsey Open"]
[Site "?"]
[Date "2002.??.??"]
[Round "4"]
[White "Van Dijk, Bram"]
[Black "Almond, Richard"]
[Result "0-1"]
[WhiteElo "2241"]
[BlackElo "2127"]
[PlyCount "86"]
[EventDate "2002.10.20"]

1. e4 d5 2. exd5 Qxd5 3. Nc3 Qa5 4. Bc4 Nf6 5. d3 e6 6. Qe2 Bd6 7. Nf3 Nc6 8.
d4 O-O 9. Bd2 Nb4 10. O-O-O Qf5 11. Be3 Bd7 12. Qd2 b5 13. Be2 Nfd5 14. g4 Qf6
15. Bg5 Qxg5 16. Nxg5 Bf4 17. Qxf4 Nxf4 18. Bf3 Rad8 19. h4 a6 20. a3 Nbd5 21.
Nce4 a5 22. Nc5 b4 23. axb4 axb4 24. Be4 h6 25. Nf3 Bb5 26. Ne5 Ra8 27. Nb3 Ra7
28. g5 h5 29. Bd3 Bxd3 30. Nxd3 Rd8 31. Ndc5 Nb6 32. Rhe1 Nc4 33. Re4 Rda8 34.
c3 Nd5 35. Kc2 bxc3 36. bxc3 Ra2+ 37. Kc1 Nxc3 38. Rde1 Nxe4 39. Rxe4 Rxf2 40.
g6 Raa2 41. gxf7+ Kxf7 42. Re1 Rac2+ 43. Kd1 Nb2# 0-1

[Event "Guernsey Open"]
[Site "?"]
[Date "2002.??.??"]
[Round "4"]
[White "Reijneveld, Ad"]
[Black "Plant, Paul"]
[Result "1-0"]
[WhiteElo "2110"]
[BlackElo "2024"]
[PlyCount "35"]
[EventDate "2002.10.20"]

1. Nc3 d5 2. d4 e6 3. e4 Nf6 4. Bg5 Be7 5. e5 Nfd7 6. h4 c5 7. Bxe7 Kxe7 8. f4
Nc6 9. dxc5 Qa5 10. Qd2 Nxc5 11. f5 d4 12. f6+ gxf6 13. exf6+ Kf8 14. Bb5 e5
15. O-O-O Be6 16. Nge2 Rb8 17. Nxd4 Nxd4 18. Qg5 1-0

[Event "Guernsey Open"]
[Site "?"]
[Date "2002.??.??"]
[Round "4"]
[White "Rosen, Daniel"]
[Black "Goris, Ton"]
[Result "0-1"]
[WhiteElo "2201"]
[BlackElo "2078"]
[PlyCount "94"]
[EventDate "2002.10.20"]

1. e4 e6 2. d4 d5 3. Nc3 Bb4 4. Nge2 dxe4 5. a3 Bxc3+ 6. Nxc3 Nc6 7. Bb5 Nge7
8. Bg5 f6 9. Be3 O-O 10. Qd2 f5 11. O-O-O a6 12. Bxc6 Nxc6 13. g4 f4 14. Bxf4
e5 15. Bg5 Qxd4 16. Qe1 Qxf2 17. Qxe4 Qf3 18. Qc4+ Qf7 19. Qe4 h6 20. Be3 Qf3
21. Qc4+ Kh8 22. Bd2 Qxg4 23. Qc5 Be6 24. Be3 Qc4 25. Rhg1 Qxc5 26. Bxc5 Rf7
27. Ne4 b6 28. Be3 Rd8 29. Rxd8+ Nxd8 30. Kd2 Nc6 31. Ng3 Nd4 32. Kc3 Rf3 33.
Re1 Bf5 34. Nxf5 Nxf5 35. Kd2 g5 36. Bg1 Nd6 37. b3 e4 38. Bd4+ Kh7 39. Be5 Kg6
40. Bxd6 cxd6 41. Rxe4 Kf5 42. Re2 g4 43. Ke1 h5 44. Kd2 Kf4 45. Kd1 h4 46. Re6
g3 47. hxg3+ hxg3 0-1

[Event "Guernsey Open"]
[Site "?"]
[Date "2002.??.??"]
[Round "4"]
[White "Skorna, Ullrich"]
[Black "Arnott, Jonathan"]
[Result "1/2-1/2"]
[WhiteElo "2180"]
[BlackElo "2070"]
[PlyCount "180"]
[EventDate "2002.10.20"]

1. e4 e6 2. d4 d5 3. Nc3 Bb4 4. e5 Qd7 5. a3 Bxc3+ 6. bxc3 b6 7. Nf3 Nc6 8. a4
a5 9. Bb5 Ba6 10. Qd3 Bxb5 11. Qxb5 Nge7 12. O-O Qc8 13. Ne1 Qa6 14. Qxa6 Rxa6
15. g4 h5 16. h3 hxg4 17. hxg4 Kd7 18. Kg2 Raa8 19. Bf4 Ng6 20. Bg3 Nh4+ 21.
Kg1 Rh7 22. f3 Rah8 23. Kf2 Ng6 24. Nd3 f6 25. Rad1 fxe5 26. dxe5 Nce7 27. c4
Kc6 28. cxd5+ Nxd5 29. c4 Nb4 30. Nc1 Nc2 31. Nb3 Ne7 32. Rd2 Kb7 33. Rc1 Nb4
34. Rd7 Nec6 35. Kg2 g6 36. Rcd1 Nc2 37. R7d3 N6b4 38. Rc3 g5 39. Rc1 Rd7 40.
R1xc2 Nxc2 41. Rxc2 Rhd8 42. Kf2 Rd3 43. Rb2 Kc6 44. Ke2 Rc3 45. Rd2 Rf8 46.
Nd4+ Kb7 47. Rd3 Rxd3 48. Kxd3 c5 49. Ne2 Rxf3+ 50. Kd2 Kc6 51. Be1 Kd7 52. Nc3
Rf4 53. Ke3 Rxc4 54. Kf3 Rf4+ 55. Kg3 Rd4 56. Kf3 Ke7 57. Kg3 Kf7 58. Kf3 Kg6
59. Kg3 Rd3+ 60. Kf2 c4 61. Ke2 Rd4 62. Kf3 Kf7 63. Ne2 Rd1 64. Bf2 c3 65. Bxb6
c2 66. Be3 Kg6 67. Nc1 Rd7 68. Ke4 Rb7 69. Bd2 Rb1 70. Kd3 Ra1 71. Kxc2 Rxa4
72. Nd3 Rxg4 73. Bxa5 Re4 74. Bc3 Kf5 75. Kd2 g4 76. Nf2 Rf4 77. Ke2 g3 78. Nh3
g2 79. Bd2 Rf1 80. Be3 Kxe5 81. Ng1 Ke4 82. Nh3 Kf5 83. Ng1 Kg4 84. Bd4 e5 85.
Bf2 e4 86. Bc5 Kg3 87. Bd6+ Kg4 88. Bc5 Rc1 89. Be3 Rxg1 90. Bxg1 Kg3 1/2-1/2

[Event "Guernsey Open"]
[Site "?"]
[Date "2002.??.??"]
[Round "4"]
[White "Woodward, Timothy"]
[Black "Kuijpers, Peter CA"]
[Result "1-0"]
[WhiteElo "2185"]
[BlackElo "1985"]
[PlyCount "83"]
[EventDate "2002.10.20"]

1. d4 Nf6 2. c4 c5 3. d5 b5 4. cxb5 a6 5. bxa6 g6 6. Nc3 Bxa6 7. g3 Bg7 8. Bg2
d6 9. Nf3 Nbd7 10. Rb1 O-O 11. O-O Nb6 12. b3 Bb7 13. e4 Qd7 14. Bb2 Rfb8 15.
Qc2 Ne8 16. Rfd1 Nc7 17. a4 Na6 18. Nb5 Nb4 19. Qd2 Ba6 20. Bxg7 Kxg7 21. Na3
f6 22. Qc3 Kg8 23. Ne1 Na2 24. Qd2 Nb4 25. Nac2 Nxc2 26. Nxc2 Kg7 27. Ne3 Qd8
28. f4 Ra7 29. e5 Nd7 30. exd6 exd6 31. Bf1 Bxf1 32. Rxf1 Rab7 33. Qc3 Rb4 34.
Rfe1 Nb6 35. a5 Na4 36. Qc2 Qxa5 37. bxa4 Rb2 38. Rxb2 Qxe1+ 39. Nf1 Rxb2 40.
Qxb2 Qd1 41. a5 Qxd5 42. a6 1-0

[Event "Guernsey Open"]
[Site "?"]
[Date "2002.??.??"]
[Round "4"]
[White "Kuijpers, CF."]
[Black "Lock, Gavin"]
[Result "0-1"]
[WhiteElo "2080"]
[BlackElo "2120"]
[PlyCount "100"]
[EventDate "2002.10.20"]

1. c4 c6 2. Nf3 d5 3. b3 Nf6 4. Bb2 Bf5 5. g3 e6 6. Bg2 Nbd7 7. O-O Be7 8. d3
h6 9. Nc3 O-O 10. Rc1 a5 11. cxd5 exd5 12. Nd4 Bg6 13. Bh3 Re8 14. Na4 Bf8 15.
Rc2 Ne5 16. Nc5 Rb8 17. Nde6 fxe6 18. Bxe5 Bd6 19. Nxe6 Qe7 20. Bxd6 Qxd6 21.
Nf4 Bf7 22. d4 Re7 23. e3 Rf8 24. Rc5 Qd8 25. Bg2 g5 26. Nd3 Bh5 27. Qc1 Be2
28. Ne5 Bxf1 29. Kxf1 Nd7 30. Ng6 Nxc5 31. Qxc5 Ref7 32. Nxf8 Qxf8 33. Qc2 Kg7
34. f4 Qe7 35. Kf2 Qf6 36. Qd2 Re7 37. Bf3 b6 38. h3 Kf8 39. g4 Qd6 40. f5 Kf7
41. Bg2 Kf6 42. Qc2 Rh7 43. Qe2 Rh8 44. Qa6 Qc7 45. Qe2 Qd7 46. Qd2 h5 47. Kg1
hxg4 48. hxg4 Qd6 49. Qf2 Rh4 50. Bf3 Qb4 0-1

[Event "Guernsey Open"]
[Site "?"]
[Date "2002.??.??"]
[Round "4"]
[White "Tan, HB."]
[Black "Mycroft, R."]
[Result "1/2-1/2"]
[WhiteElo "2149"]
[BlackElo "2008"]
[PlyCount "152"]
[EventDate "2002.10.20"]

1. e4 e6 2. d4 d5 3. e5 c5 4. c3 Nc6 5. Nf3 Qb6 6. Bd3 cxd4 7. cxd4 Bd7 8. O-O
Nxd4 9. Nxd4 Qxd4 10. Qe2 Ne7 11. Nc3 a6 12. Kh1 Nc6 13. f4 Bc5 14. Bd2 Nb4 15.
Bb1 Qc4 16. Qf3 Bc6 17. b3 Qd4 18. Be1 Qe3 19. a3 Bb5 20. Qxe3 Bxe3 21. Rf3 Bd4
22. axb4 Rc8 23. Bd3 Bc6 24. Rh3 Ke7 25. Rd1 Rc7 26. Na4 Bxa4 27. bxa4 Rhc8 28.
Bd2 Bc3 29. g4 Bxd2 30. Rxd2 Rc1+ 31. Kg2 Ra1 32. a5 Rcc1 33. Rxh7 Rg1+ 34. Kf3
Ra3 35. h3 Rf1+ 36. Ke3 Rg1 37. f5 Rg3+ 38. Kd4 Rf3 39. Rxg7 Rf4+ 40. Ke3 Re4+
41. Kf2 Rxe5 42. g5 exf5 43. g6 Kf6 44. Rxf7+ Kxg6 45. Rxb7 Kg5 46. Rb6 Kf4 47.
Rf6 Rb3 48. Kg2 Rxb4 49. Rf2+ Kg5 50. R6xf5+ Rxf5 51. Rxf5+ Kh4 52. Rxd5 Rb2+
53. Kf1 Kxh3 54. Bxa6 Kg3 55. Ke1 Kf3 56. Kd1 Ke4 57. Rh5 Kd4 58. Rb5 Ra2 59.
Bb7 Kc4 60. Rg5 Kb4 61. a6 Ra3 62. Kc2 Rc3+ 63. Kd2 Ra3 64. Rf5 Kc4 65. Rf3
Ra2+ 66. Ke3 Kb5 67. Kd4 Kb6 68. Rb3+ Ka7 69. Kc5 Rh2 70. Kb5 Rh5+ 71. Ka4 Rh2
72. Bc8 Ka8 73. Ka5 Ka7 74. Rb7+ Ka8 75. Bd7 Ra2+ 76. Kb6 Rxa6+ 1/2-1/2

[Event "Guernsey Open"]
[Site "?"]
[Date "2002.??.??"]
[Round "4"]
[White "Brown, Allen M"]
[Black "Huijzer, J."]
[Result "1/2-1/2"]
[WhiteElo "2133"]
[BlackElo "1890"]
[PlyCount "126"]
[EventDate "2002.10.20"]

1. d4 Nf6 2. c4 g6 3. Nc3 Bg7 4. e4 d6 5. Be2 Nbd7 6. Bg5 c5 7. d5 a6 8. Nf3 h6
9. Be3 Qa5 10. O-O Rb8 11. a4 Qc7 12. Qc1 Nf8 13. h3 g5 14. Ne1 Ng6 15. Nd3 g4
16. hxg4 Bxg4 17. f3 Bc8 18. Qe1 e5 19. dxe6 Bxe6 20. Nf4 Nxf4 21. Bxf4 Qe7 22.
Rd1 Rd8 23. Bh2 Rg8 24. Qh4 Bf8 25. Rfe1 Nh7 26. Qxe7+ Bxe7 27. Nd5 Bh4 28. Rf1
Bh3 29. Nf4 Bc8 30. Rd3 Bf6 31. b3 Bd4+ 32. Kh1 Nf6 33. Rfd1 Ke7 34. Bg1 Be5
35. Be3 h5 36. Kg1 h4 37. Kf2 Rh8 38. Rh1 Rdg8 39. Bf1 Be6 40. Nxe6 fxe6 41. f4
Ng4+ 42. Ke2 Nxe3 43. fxe5 Nxf1 44. exd6+ Kd7 45. Kxf1 Rg4 46. Kf2 Rxe4 47. Kf3
Rd4 48. Rxd4 cxd4 49. c5 Kc6 50. b4 a5 51. Ke4 axb4 52. Kxd4 Rh5 53. Kc4 Rxc5+
54. Kxb4 Rc2 55. Rxh4 Rxg2 56. Rd4 Kd7 57. Kc3 Rg3+ 58. Kc4 Ra3 59. Kc5 Rc3+
60. Kb6 Rb3+ 61. Kc5 b6+ 62. Kc4 Rb1 63. Rd2 Rc1+ 1/2-1/2

[Event "Guernsey Open"]
[Site "?"]
[Date "2002.??.??"]
[Round "4"]
[White "Loerke, Reinhard"]
[Black "Barnard, PE."]
[Result "1-0"]
[WhiteElo "2086"]
[BlackElo "1840"]
[PlyCount "77"]
[EventDate "2002.10.20"]

1. e4 d5 2. exd5 Nf6 3. d4 Bg4 4. Be2 Bxe2 5. Qxe2 Qxd5 6. Nf3 e6 7. O-O Be7 8.
c4 Qd7 9. Nc3 O-O 10. Rd1 c6 11. b3 Qc7 12. Bb2 Nbd7 13. d5 cxd5 14. cxd5 e5
15. Nb5 Qb6 16. d6 Bd8 17. Nxe5 a6 18. Nxd7 Nxd7 19. Na3 Bf6 20. Nc4 Qb5 21.
Rd3 Bxb2 22. Qxb2 Rac8 23. Rg3 g6 24. Qd4 Qc5 25. Qh4 Qf5 26. Rf3 Qe6 27. Rd1
Qe2 28. Qd4 Rce8 29. Ne3 Ne5 30. Rg3 Nc6 31. Qa1 h5 32. Nd5 Re6 33. Re3 Rxe3
34. Nf6+ Kg7 35. Nxh5+ Kh6 36. Nf4 Qg4 37. fxe3 Ne5 38. h3 Qg3 39. Qxe5 1-0

[Event "Guernsey Open"]
[Site "?"]
[Date "2002.??.??"]
[Round "4"]
[White "Nicholson, John"]
[Black "Kitchlew, Andrew"]
[Result "0-1"]
[WhiteElo "1712"]
[BlackElo "2090"]
[PlyCount "98"]
[EventDate "2002.10.20"]

1. e4 d6 2. d4 c6 3. Nf3 Bg4 4. Be2 Nd7 5. c4 e5 6. Nc3 Qb6 7. d5 c5 8. O-O Be7
9. a3 Ngf6 10. b4 O-O 11. Be3 Qc7 12. Rc1 a6 13. Kh1 h6 14. h3 Bxf3 15. gxf3 g5
16. h4 Nh5 17. hxg5 hxg5 18. f4 Nxf4 19. Bg4 Kg7 20. Ne2 Rh8+ 21. Kg1 Rh4 22.
Ng3 Kf8 23. Nf5 Rh7 24. f3 b6 25. Rf2 Nf6 26. Rh2 Rxh2 27. Kxh2 Nxg4+ 28. fxg4
Ke8 29. Kg3 Bf6 30. Kf3 Ng6 31. Qd2 {(=)} Qd8 32. Rh1 Kd7 33. Rh7 Qg8 34. Rh5
Nf4 35. Rh6 Be7 36. bxc5 bxc5 37. Qa5 Ng6 38. Qb6 Rc8 39. Qxa6 f6 40. Nxd6 Rb8
41. Nb7 Ke8 42. Qc6+ Kf8 43. d6 Kg7 44. Rh2 Qxc4 45. dxe7 Nh4+ 46. Rxh4 Qf1+
47. Bf2 Qd1+ 48. Kg3 gxh4+ 49. Kxh4 Rh8+ 0-1

[Event "Guernsey Open"]
[Site "?"]
[Date "2002.??.??"]
[Round "4"]
[White "Westerkamp, Bert"]
[Black "Wismayer, Clive"]
[Result "0-1"]
[WhiteElo "1961"]
[BlackElo "2088"]
[PlyCount "84"]
[EventDate "2002.10.20"]

1. d4 d5 2. c4 c6 3. Nf3 Nf6 4. cxd5 cxd5 5. Nc3 Nc6 6. Bf4 Ne4 7. Qc2 Nxc3 8.
bxc3 g6 9. e3 Bg7 10. Bd3 O-O 11. O-O Bg4 12. Nd2 Rc8 13. Qb2 e5 14. Bg3 e4 15.
Bc2 Na5 16. Rfc1 h5 17. Qa3 h4 18. Bxh4 Qxh4 19. Qxa5 Rfd8 20. Bd1 Be6 21. Rab1
b6 22. Qxa7 Ra8 23. Qxb6 Rxa2 24. Rb2 Raa8 25. Rcb1 Bf8 26. Nf1 Bd6 27. Qb5 Kg7
28. Qe2 Bxh2+ 29. Nxh2 Rh8 30. Kf1 Qxh2 31. Ke1 Qxg2 32. Kd2 Rh1 33. Kc2 Bd7
34. c4 Ra3 35. Rc1 Rd3 36. Kb1 dxc4 37. Rd2 c3 38. Ra2 Rhxd1 39. Rxd1 Bg4 40.
f3 Qxe2 41. Rxe2 Rxd1+ 42. Kc2 exf3 0-1

[Event "Guernsey Open"]
[Site "?"]
[Date "2002.??.??"]
[Round "4"]
[White "Bareham, D."]
[Black "Ballon, Guenther Jan"]
[Result "1/2-1/2"]
[WhiteElo "1920"]
[BlackElo "2219"]
[PlyCount "121"]
[EventDate "2002.10.20"]

1. e4 e5 2. Nf3 Nc6 3. Bb5 g6 4. O-O Bg7 5. c3 a6 6. Bc4 d6 7. h3 Nf6 8. Re1
O-O 9. d4 Qe7 10. dxe5 Nxe5 11. Bb3 Bd7 12. Bg5 h6 13. Bh4 Rfe8 14. Nxe5 Qxe5
15. Bg3 Qc5 16. Nd2 Re7 17. Qc2 Rae8 18. Qd3 Bf5 19. Qf3 Nxe4 20. Nxe4 Bxe4 21.
Rxe4 Rxe4 22. Bxf7+ Kh7 23. Bxe8 Rxe8 24. Qxb7 Re2 25. Qb8 Qb5 26. Qxb5 axb5
27. Rb1 h5 28. Kf1 Rc2 29. Bf4 Bh6 30. Bxh6 Kxh6 31. g3 Kg5 32. Kg2 h4 33. Kf3
hxg3 34. fxg3 c6 35. Rd1 d5 36. Rb1 Kf5 37. h4 Rh2 38. g4+ Kf6 39. Kg3 Rd2 40.
Rf1+ Kg7 41. Rf2 Rd3+ 42. Kf4 Rh3 43. Kg5 Re3 44. h5 Re5+ 45. Kf4 Re4+ 46. Kg3
Re3+ 47. Kh4 Re4 48. hxg6 Kxg6 49. Rf8 Re2 50. Rc8 Rh2+ 51. Kg3 Rxb2 52. Rxc6+
Kf7 53. Rd6 Rxa2 54. Rxd5 Ra3 55. Rxb5 Rxc3+ 56. Kf4 Kg6 57. Rb6+ Kg7 58. Kg5
Rc5+ 59. Kh4 Ra5 60. g5 Ra1 61. Kg4 1/2-1/2